[Event "chess.com SpeedChess Q2KO"]
[Site "chess.com INT"]
[Date "2022.11.13"]
[Round "1.1"]
[White "Artemiev, Vladislav"]
[Black "Lazavik, Denis"]
[Result "1-0"]
[WhiteTitle "GM"]
[BlackTitle "IM"]
[WhiteElo "2701"]
[BlackElo "2529"]
[WhiteFideId "24101605"]
[BlackFideId "13515110"]
[EventDate "2022.11.13"]
[EventType "k.o."]

1. c4 Nf6 2. Nc3 e5 3. Nf3 Nc6 4. d3 d5 5. cxd5 Nxd5 6. g3 Be7 7. Nxd5 Qxd5 8.
Bg2 Be6 9. O-O Qd7 10. Be3 O-O 11. Rc1 Bd5 12. Qa4 Rad8 13. Rfe1 a6 14. Bc5 Bxc5
15. Rxc5 Bxf3 16. Bxf3 Nd4 17. Qxd7 Nxf3+ 18. exf3 Rxd7 19. Rexe5 c6 20. Rc3
Rfd8 21. Kf1 f6 22. Re3 Kf7 23. Ke2 Rd5 24. Re4 R8d7 25. f4 Ra5 26. a3 Rb5 27.
b4 Rbd5 28. Ke3 a5 29. a4 axb4 30. Rxb4 Re7+ 31. Kd2 Red7 32. Rcb3 Ke6 33. Rxb7
Rxd3+ 34. Rxd3 Rxb7 35. Kc3 c5 36. Rd2 Rb4 37. Ra2 Kd5 38. a5 Rc4+ 39. Kb3 Rb4+
40. Kc2 Rc4+ 41. Kd1 Rd4+ 42. Ke2 Re4+ 43. Kf3 Re7 44. a6 Ra7 45. Ke3 Kc4 46.
Ke4 Kb5 47. Kd5 Rd7+ 48. Ke6 Ra7 49. Rb2+ Kxa6 50. Kd5 Rc7 51. Kc4 Ka7 52. f5
Rc6 53. h3 Rb6 54. Re2 Ka6 55. Kxc5 Rb5+ 56. Kd6 Rxf5 57. Ke6 Rf3 58. Kf7 g5 59.
Re6+ Kb5 60. Rxf6 Rd3 61. Rf5+ Kc4 62. Kg7 Rd7+ 63. Kh6 1-0

[Event "chess.com SpeedChess Q2KO"]
[Site "chess.com INT"]
[Date "2022.11.13"]
[Round "1.1"]
[White "Dubov, Daniil"]
[Black "Naroditsky, Daniel"]
[Result "0-1"]
[WhiteTitle "GM"]
[BlackTitle "GM"]
[WhiteElo "2708"]
[BlackElo "2617"]
[WhiteFideId "24126055"]
[BlackFideId "2026961"]
[EventDate "2022.11.13"]
[EventType "k.o."]

1. e4 c6 2. d4 d5 3. e5 c5 4. dxc5 e6 5. Nf3 Bxc5 6. Bd3 Nd7 7. O-O Ne7 8. Re1
Ng6 9. Be3 Qb6 10. Nbd2 Qxb2 11. c4 O-O 12. Bxc5 Nxc5 13. Bxg6 hxg6 14. Rb1 Qxa2
15. Ng5 f6 16. exf6 gxf6 17. Ngf3 Rd8 18. Ne4 Nxe4 19. Rxe4 e5 20. Rh4 Bf5 21.
Ra1 dxc4 22. Qc1 Qc2 0-1

[Event "chess.com SpeedChess Q2KO"]
[Site "chess.com INT"]
[Date "2022.11.13"]
[Round "1.1"]
[White "Duda, Jan-Krzysztof"]
[Black "Grischuk, Alexander"]
[Result "1/2-1/2"]
[WhiteTitle "GM"]
[BlackTitle "GM"]
[WhiteElo "2731"]
[BlackElo "2745"]
[WhiteFideId "1170546"]
[BlackFideId "4126025"]
[EventDate "2022.11.13"]
[EventType "k.o."]

1. e4 e6 2. d4 d5 3. Nd2 c5 4. Ngf3 cxd4 5. Nxd4 Nf6 6. exd5 Nxd5 7. N2f3 Bb4+
8. Bd2 Bc5 9. Nb3 Be7 10. Bd3 O-O 11. Qe2 Nd7 12. h4 Qc7 13. O-O-O b6 14. Kb1
Bb7 15. Ng5 N7f6 16. Nd4 Bc5 17. Ndf3 Nf4 18. Bxf4 Qxf4 19. g3 Bxf3 20. Nxf3 Qc7
21. Ne5 Rad8 22. f4 Bd4 23. Nf3 Bc5 24. Rhe1 Rd5 25. Ne5 Rfd8 26. g4 Bd4 27. c4
R5d6 28. g5 Ne8 29. Nf3 g6 30. h5 Ng7 31. h6 Nh5 32. Bc2 Bh8 33. a3 Nxf4 34. Qf1
Rxd1+ 35. Rxd1 Rxd1+ 36. Qxd1 Nh5 37. Be4 Kf8 38. Qa4 Ke7 39. Qb4+ Qd6 40. Qa4
Qc7 41. Qb4+ Qd6 42. Qa4 Qc7 1/2-1/2

[Event "chess.com SpeedChess Q2KO"]
[Site "chess.com INT"]
[Date "2022.11.13"]
[Round "1.1"]
[White "Salem, A.R. Saleh"]
[Black "Xiong, Jeffery"]
[Result "0-1"]
[WhiteTitle "GM"]
[BlackTitle "GM"]
[WhiteElo "2677"]
[BlackElo "2692"]
[WhiteFideId "9301348"]
[BlackFideId "2047640"]
[EventDate "2022.11.13"]
[EventType "k.o."]

1. d4 Nf6 2. c4 e6 3. Nc3 Bb4 4. a3 Bxc3+ 5. bxc3 c5 6. f3 Nc6 7. e4 d6 8. Be3
b6 9. Bd3 Na5 10. Ne2 Ba6 11. O-O Qc7 12. Ng3 O-O 13. Re1 Bxc4 14. Bc2 cxd4 15.
cxd4 Rac8 16. f4 d5 17. e5 Ne4 18. Bxe4 dxe4 19. f5 f6 20. fxe6 fxe5 21. d5 Rcd8
22. Qg4 Bxd5 23. Rac1 Nc4 24. Nf5 Rxf5 25. e7 Qxe7 26. Qxf5 Rf8 27. Qg4 Qe6 28.
Qg3 h6 29. a4 Rf6 30. Kh1 Nb2 31. Rf1 Nxa4 32. Rxf6 Qxf6 33. h3 Nb2 34. Rc7 Nc4
35. Kh2 Nxe3 36. Qxe3 Qf4+ 37. Qxf4 exf4 38. Rxa7 e3 39. Kg1 b5 40. Ra5 Bc4 41.
Ra7 Kh7 42. Rc7 Kg6 43. Rc5 Kf6 44. h4 g5 45. Rc6+ Kf5 46. Rxh6 g4 47. Rc6 f3
48. gxf3 gxf3 0-1

[Event "chess.com SpeedChess Q2KO"]
[Site "chess.com INT"]
[Date "2022.11.13"]
[Round "1.2"]
[White "Grischuk, Alexander"]
[Black "Duda, Jan-Krzysztof"]
[Result "0-1"]
[WhiteTitle "GM"]
[BlackTitle "GM"]
[WhiteElo "2745"]
[BlackElo "2731"]
[WhiteFideId "4126025"]
[BlackFideId "1170546"]
[EventDate "2022.11.13"]
[EventType "k.o."]

1. Nf3 d5 2. g3 Nf6 3. Bg2 e6 4. O-O Be7 5. c4 O-O 6. d4 dxc4 7. Qc2 a6 8. a4
Bd7 9. Qxc4 Bc6 10. Bg5 Nbd7 11. Nc3 h6 12. Bxf6 Nxf6 13. Rfd1 Qd6 14. e3 Rfd8
15. Qe2 Qb4 16. a5 Rac8 17. Ne5 Bxg2 18. Kxg2 Bf8 19. Nd3 Qe7 20. Qf3 Nd5 21.
Ne4 Qe8 22. Rdc1 Qb5 23. Ne5 Qe8 24. h4 c6 25. Nd3 Rc7 26. Rc4 Be7 27. Rac1 Nf6
28. Nec5 Bxc5 29. Nxc5 Nd5 30. e4 Nf6 31. Qf4 Qe7 32. R1c3 Rxd4 33. Rxd4 e5 34.
Qd2 exd4 35. Qxd4 Nd7 36. Nd3 c5 37. Qc4 b5 38. axb6 Nxb6 39. Qxa6 Qxe4+ 40. Kg1
Nd5 41. Rc1 Qd4 42. Re1 c4 43. Ne5 Kh7 44. Qa1 Qd2 45. Nf3 Qd3 46. Ne5 Qf5 47.
Qb1 Qxb1 48. Rxb1 f6 49. Nf3 Rb7 50. Rc1 Rb4 51. Nd2 Nb6 52. Rc2 Kg6 53. Kf1 Kf5
54. Ke2 Ke5 55. Ke3 Nd5+ 56. Ke2 Kd4 57. Nf3+ Kc5 58. Nd2 g5 59. hxg5 hxg5 60.
Ne4+ Kd4 61. Nc3 Nb6 62. Rd2+ Ke5 63. Ke3 f5 64. f4+ gxf4+ 65. gxf4+ Ke6 66. Kd4
Nd7 67. Re2+ Kd6 68. Rh2 Nc5 69. Ke3 Nd3 70. Kd4 Nxf4 71. Rf2 Ne6+ 72. Ke3 Ke5
73. Re2 Rb3 74. Kd2+ Kd6 75. Kc1 Nc5 76. Kc2 Nd3 77. Nd1 f4 78. Re8 Nb4+ 79. Kc1
Rh3 80. Rf8 Rh2 81. Nc3 Nd3+ 82. Kd1 Nxb2+ 83. Ke1 Nd3+ 84. Kf1 Kc5 85. Ne2 Rf2+ 0-1

[Event "chess.com SpeedChess Q2KO"]
[Site "chess.com INT"]
[Date "2022.11.13"]
[Round "1.2"]
[White "Lazavik, Denis"]
[Black "Artemiev, Vladislav"]
[Result "0-1"]
[WhiteTitle "IM"]
[BlackTitle "GM"]
[WhiteElo "2529"]
[BlackElo "2701"]
[WhiteFideId "13515110"]
[BlackFideId "24101605"]
[EventDate "2022.11.13"]
[EventType "k.o."]

1. d4 Nf6 2. c4 e6 3. Nf3 d5 4. g3 Be7 5. Bg2 O-O 6. O-O c6 7. b3 b6 8. Qc2 Bb7
9. Rd1 Nbd7 10. Nc3 Qc8 11. Bb2 b5 12. c5 b4 13. Nb1 a5 14. Nbd2 Ba6 15. Re1 Rd8
16. e4 dxe4 17. Nxe4 Nxe4 18. Rxe4 Nxc5 19. Re3 Nd7 20. Rc1 Bb5 21. h4 h6 22. g4
Bd6 23. Rce1 Nf8 24. g5 h5 25. Bh3 Re8 26. Nd2 Qc7 27. Ne4 Bf4 28. Rf3 Ng6 29.
Bf1 Bxf1 30. Rxf1 Rad8 31. Rh3 Qd7 32. Qe2 Qd5 33. Re1 Qf5 34. Rh1 Bc7 35. Qxh5
e5 36. d5 cxd5 37. Nd2 Qc2 38. Bc1 Bb6 39. Qg4 e4 40. h5 Ne5 41. Qe2 Nd3 42. Rf1
Nxc1 43. Qb5 Qxd2 44. Qxb6 Ne2+ 45. Kh2 Qf4+ 0-1

[Event "chess.com SpeedChess Q2KO"]
[Site "chess.com INT"]
[Date "2022.11.13"]
[Round "1.2"]
[White "Naroditsky, Daniel"]
[Black "Dubov, Daniil"]
[Result "1-0"]
[WhiteTitle "GM"]
[BlackTitle "GM"]
[WhiteElo "2617"]
[BlackElo "2708"]
[WhiteFideId "2026961"]
[BlackFideId "24126055"]
[EventDate "2022.11.13"]
[EventType "k.o."]

1. d4 Nf6 2. Nc3 d5 3. Bf4 e6 4. Nb5 Bb4+ 5. c3 Ba5 6. b4 Bb6 7. a4 a5 8. e3 O-O
9. Bd3 Nc6 10. bxa5 Nxa5 11. Nf3 c6 12. Na3 Bc7 13. O-O Bxf4 14. exf4 b6 15. Ne5
Ba6 16. Rb1 Ne4 17. Bxa6 Rxa6 18. Qd3 Ra7 19. c4 f6 20. Nf3 Nb7 21. cxd5 cxd5
22. Nc4 Nbc5 23. dxc5 Nxc5 24. Qe2 dxc4 25. Qxc4 Rxa4 26. Qb5 Rxf4 27. Rfd1 Qc7
28. Qxb6 Qxb6 29. Rxb6 Ra4 30. Rc6 Ra5 31. Rc7 h5 32. g3 Rfa8 33. Kg2 R8a7 34.
Rd8+ Kh7 35. Rcc8 Kg6 36. Rf8 Nd3 37. Rc3 Rd5 38. Nh4+ Kg5 39. Rxd3 Rxd3 40. f4+
Kg4 41. h3# 1-0

[Event "chess.com SpeedChess Q2KO"]
[Site "chess.com INT"]
[Date "2022.11.13"]
[Round "1.2"]
[White "Xiong, Jeffery"]
[Black "Salem, A.R. Saleh"]
[Result "0-1"]
[WhiteTitle "GM"]
[BlackTitle "GM"]
[WhiteElo "2692"]
[BlackElo "2677"]
[WhiteFideId "2047640"]
[BlackFideId "9301348"]
[EventDate "2022.11.13"]
[EventType "k.o."]

1. d4 Nf6 2. Nf3 g6 3. Nbd2 Bg7 4. e4 d6 5. Be2 O-O 6. O-O Nc6 7. c3 e5 8. dxe5
Nxe5 9. Nxe5 dxe5 10. Qc2 Bh6 11. a4 a5 12. b4 b6 13. bxa5 bxa5 14. Rb1 Qe7 15.
Nc4 Bxc1 16. Rfxc1 Ba6 17. Ne3 Bxe2 18. Qxe2 Rfd8 19. Qc4 Rd2 20. Rb7 Ne8 21.
Qc6 Rad8 22. Nd5 Qd6 23. h3 Kg7 24. Qc4 c6 25. Ne3 Qf6 26. Qf1 Nd6 27. Ra7 Nxe4
28. Ng4 Qf4 29. g3 Qf5 30. Rxa5 Ng5 31. f4 Nxh3+ 32. Qxh3 Rd1+ 33. Rxd1 Rxd1+
34. Kh2 Rd2+ 0-1

[Event "chess.com SpeedChess Q2KO"]
[Site "chess.com INT"]
[Date "2022.11.13"]
[Round "1.3"]
[White "Artemiev, Vladislav"]
[Black "Lazavik, Denis"]
[Result "1-0"]
[WhiteTitle "GM"]
[BlackTitle "IM"]
[WhiteElo "2701"]
[BlackElo "2529"]
[WhiteFideId "24101605"]
[BlackFideId "13515110"]
[EventDate "2022.11.13"]
[EventType "k.o."]

1. d4 Nf6 2. c4 e6 3. Nc3 Bb4 4. e3 O-O 5. Bd2 c5 6. a3 Bxc3 7. Bxc3 Ne4 8. Rc1
b6 9. Nf3 Bb7 10. Be2 d6 11. O-O Nd7 12. Be1 Qe7 13. Nd2 Nxd2 14. Qxd2 Nf6 15.
f3 cxd4 16. Qxd4 e5 17. Qd1 Qe6 18. e4 Nd7 19. Rc2 Rfd8 20. Rd2 Nf6 21. Bf2 Ne8
22. Qa4 Rdc8 23. Rfd1 Bc6 24. Qc2 Rc7 25. b3 Qe7 26. Be3 Bd7 27. Qb2 Be6 28. a4
Rb8 29. Rc1 h6 30. Qa3 Rbc8 31. Rdc2 Qd7 32. a5 b5 33. c5 a6 34. Qb2 Qe7 35. b4
f6 36. cxd6 Qxd6 37. Rxc7 Rxc7 38. Rxc7 Qxc7 39. Bc5 Qd7 40. Kf2 Nc7 41. Qc2 Bf7
42. Qd3 Qxd3 43. Bxd3 Be8 44. Bb6 Ne6 45. Ke3 Kf7 46. g3 g5 47. Bf1 Bd7 48. Bh3
Nf8 49. Bf1 Be6 50. Bc5 Nd7 51. Bd6 Kg6 52. f4 gxf4+ 53. gxf4 exf4+ 54. Kxf4 Kf7
55. Be2 Kg6 56. h4 Kg7 57. Bh5 Nf8 58. Be8 Ng6+ 59. Kg3 Bc8 60. Bc6 Ne5 61. Bd5
Nc4 62. Bc5 Ne5 63. Bd4 Kf8 64. Kf4 Ke7 65. Bxe5 fxe5+ 66. Kxe5 1-0

[Event "chess.com SpeedChess Q2KO"]
[Site "chess.com INT"]
[Date "2022.11.13"]
[Round "1.3"]
[White "Dubov, Daniil"]
[Black "Naroditsky, Daniel"]
[Result "1/2-1/2"]
[WhiteTitle "GM"]
[BlackTitle "GM"]
[WhiteElo "2708"]
[BlackElo "2617"]
[WhiteFideId "24126055"]
[BlackFideId "2026961"]
[EventDate "2022.11.13"]
[EventType "k.o."]

1. e4 c6 2. d3 d5 3. Nd2 e5 4. Ngf3 Bd6 5. g3 Nf6 6. Bg2 O-O 7. O-O Re8 8. Re1
Bg4 9. h3 Bh5 10. Qe2 Nbd7 11. Qf1 a5 12. a4 Qc7 13. Nh4 Bf8 14. Nb3 dxe4 15.
dxe4 Nc5 16. Nxc5 Bxc5 17. Be3 Bxe3 18. Rxe3 Rad8 19. g4 Bg6 20. Rd1 Nd7 21. Qe1
Nc5 22. Rxd8 Rxd8 23. b3 Ne6 24. Bf1 Nf4 25. Ng2 Ne6 26. Bc4 Nd4 27. Bd3 f6 28.
Nh4 Bf7 29. Nf3 Ne6 30. Nh4 Nd4 31. Nf3 Ne6 32. Nh4 g6 33. Bc4 Nd4 34. Bxf7+
Kxf7 35. Qc3 Qb6 36. Qc4+ Ke7 37. Nf3 Nxf3+ 38. Rxf3 Qd4 39. Qe2 Qd1+ 40. Qxd1
Rxd1+ 41. Kg2 Re1 42. Rc3 Kd6 43. Kf3 b5 44. axb5 cxb5 45. Rc8 a4 46. bxa4 bxa4
47. Ra8 Ra1 48. Ra5 a3 49. c4 Kc6 50. c5 a2 51. Kg2 Kc7 52. Kf3 Kc6 53. Kg2 Kb7
54. Kf3 Kc7 55. Kg2 Kc6 56. Kh2 h5 57. gxh5 gxh5 58. Kg2 Kb7 59. Kh2 Kc7 60. Kg2
Kc6 61. Kf3 Kb7 62. Kg2 Kc7 63. Kf3 Kd7 64. Kg2 Kc6 65. Kf3 Kb7 66. Kg2 Kc6 1/2-1/2

[Event "chess.com SpeedChess Q2KO"]
[Site "chess.com INT"]
[Date "2022.11.13"]
[Round "1.3"]
[White "Duda, Jan-Krzysztof"]
[Black "Grischuk, Alexander"]
[Result "0-1"]
[WhiteTitle "GM"]
[BlackTitle "GM"]
[WhiteElo "2731"]
[BlackElo "2745"]
[WhiteFideId "1170546"]
[BlackFideId "4126025"]
[EventDate "2022.11.13"]
[EventType "k.o."]

1. d4 Nf6 2. c4 e6 3. Nf3 d5 4. Nc3 Be7 5. Bg5 h6 6. Bh4 dxc4 7. e3 c5 8. Bxc4
cxd4 9. Nxd4 Bd7 10. Ndb5 O-O 11. Be2 a6 12. Nd4 Nc6 13. O-O Nxd4 14. Qxd4 Bc6
15. Rfd1 Qa5 16. Qc4 Rac8 17. Qb3 g5 18. Bg3 Nd5 19. Be5 Nxe3 20. Bd6 Nxd1 21.
Bxe7 Nxc3 22. bxc3 Rfe8 23. Bb4 Qd5 24. Bf1 Qxb3 25. axb3 Rcd8 26. c4 Rd7 27. f3
Red8 28. Be2 Rd2 29. Bxd2 Rxd2 30. Kf1 Rb2 31. Bd1 Kg7 32. Rc1 f5 33. Rc3 Kf6
34. Bc2 Ke5 35. Ke1 Ra2 36. Kd2 Ra1 37. Re3+ Kf6 38. Bd1 f4 39. Re2 e5 40. Re1
a5 41. Re2 b5 42. cxb5 Bxb5 43. Re4 Bd7 44. Rc4 Ra2+ 45. Rc2 Rxc2+ 46. Bxc2 Ke6
47. Be4 Kd6 48. Kc3 Kc5 49. g3 Be6 50. g4 Bd5 51. Bxd5 Kxd5 52. Kd3 Kc5 53. Kc3
Kb5 54. Kc2 Kb4 55. Kb2 e4 56. fxe4 f3 0-1

[Event "chess.com SpeedChess Q2KO"]
[Site "chess.com INT"]
[Date "2022.11.13"]
[Round "1.3"]
[White "Salem, A.R. Saleh"]
[Black "Xiong, Jeffery"]
[Result "1/2-1/2"]
[WhiteTitle "GM"]
[BlackTitle "GM"]
[WhiteElo "2677"]
[BlackElo "2692"]
[WhiteFideId "9301348"]
[BlackFideId "2047640"]
[EventDate "2022.11.13"]
[EventType "k.o."]

1. d4 Nf6 2. c4 e6 3. Nc3 Bb4 4. e3 O-O 5. Bd3 d5 6. Nf3 dxc4 7. Bxc4 c5 8. O-O
Nc6 9. Bd3 cxd4 10. exd4 Be7 11. a3 b6 12. Re1 Bb7 13. Bc2 Na5 14. Qd3 Bxf3 15.
Qxf3 Qxd4 16. Bf4 Rac8 17. Rad1 Qc5 18. Rd3 Nc4 19. b4 Qh5 20. Qxh5 Nxh5 21. Bc1
Nf6 22. Bb3 a5 23. bxa5 Nxa5 24. Ba2 Nc4 25. Nb5 Nd5 26. Kf1 Rfd8 27. Red1 Ne5
28. Rd4 Bc5 29. R4d2 Be7 30. Rd4 Nc6 31. R4d3 Na5 32. Bxd5 Rxd5 33. Rxd5 exd5
34. Be3 Nc4 35. Rxd5 Nxa3 36. Nxa3 Bxa3 37. Bxb6 1/2-1/2

[Event "chess.com SpeedChess Q2KO"]
[Site "chess.com INT"]
[Date "2022.11.13"]
[Round "1.4"]
[White "Grischuk, Alexander"]
[Black "Duda, Jan-Krzysztof"]
[Result "1/2-1/2"]
[WhiteTitle "GM"]
[BlackTitle "GM"]
[WhiteElo "2745"]
[BlackElo "2731"]
[WhiteFideId "4126025"]
[BlackFideId "1170546"]
[EventDate "2022.11.13"]
[EventType "k.o."]

1. Nf3 Nf6 2. g3 d5 3. Bg2 e6 4. O-O Be7 5. c4 O-O 6. d3 c5 7. cxd5 exd5 8. d4
h6 9. Nc3 Nc6 10. b3 Ne4 11. Bb2 Bf6 12. Nxe4 dxe4 13. Nd2 Bxd4 14. Bxd4 Nxd4
15. e3 Nf3+ 16. Nxf3 exf3 17. Qxd8 Rxd8 18. Bxf3 Rb8 19. Rfd1 Rxd1+ 20. Rxd1 Be6
21. Be4 Kf8 22. f4 Ke7 23. Kf2 b5 24. Ke2 c4 25. b4 Rb6 26. a3 Bg4+ 27. Bf3
Bxf3+ 28. Kxf3 Rd6 29. Rxd6 Kxd6 30. e4 g5 31. h4 gxh4 32. gxh4 Ke6 33. h5 Kf6
34. Ke3 Ke7 35. Kd4 Kd6 36. Kc3 Kc6 37. Kd4 a6 38. Kc3 Kd7 39. Kd4 Kd6 40. Kc3
Ke6 41. Kd4 Ke7 42. Kc3 Kd6 43. Kd4 Kd7 44. Kc3 Ke6 45. Kd4 Kf6 46. Kc3 Ke7 47.
Kd4 Kd7 48. Kc3 Kd6 49. Kd4 Ke7 50. Kc3 Kd6 1/2-1/2

[Event "chess.com SpeedChess Q2KO"]
[Site "chess.com INT"]
[Date "2022.11.13"]
[Round "1.4"]
[White "Lazavik, Denis"]
[Black "Artemiev, Vladislav"]
[Result "1-0"]
[WhiteTitle "IM"]
[BlackTitle "GM"]
[WhiteElo "2529"]
[BlackElo "2701"]
[WhiteFideId "13515110"]
[BlackFideId "24101605"]
[EventDate "2022.11.13"]
[EventType "k.o."]

1. d4 d5 2. c4 c6 3. Nf3 Nf6 4. e3 Bf5 5. Nc3 e6 6. Nh4 Bg6 7. Be2 Nbd7 8. O-O
Bd6 9. g3 Qe7 10. Bd2 O-O 11. Nxg6 hxg6 12. Qc2 dxc4 13. Bxc4 c5 14. dxc5 Nxc5
15. Rfd1 Rac8 16. Be1 a6 17. a4 Be5 18. Qe2 Rc7 19. a5 Rfc8 20. Ba2 Bxc3 21.
Bxc3 Nce4 22. Bxf6 Qxf6 23. Bb1 Nc5 24. Ra3 Qe5 25. Kg2 Nd7 26. b4 Nf6 27. Rd4
Nd5 28. Qf3 Rc4 29. Rad3 Rxb4 30. Rxb4 Nxb4 31. Rd7 Rf8 32. Qxb7 Qxa5 33. Bxg6
Nd5 34. Bxf7+ Kh8 35. Bxe6 Nxe3+ 36. fxe3 Qe1 37. Kh3 Qf1+ 38. Qg2 Qf6 39. Qe4
Qf1+ 40. Qg2 Qf6 41. Qd5 Qf1+ 42. Kh4 Qe2 43. Qh5+ 1-0

[Event "chess.com SpeedChess Q2KO"]
[Site "chess.com INT"]
[Date "2022.11.13"]
[Round "1.4"]
[White "Naroditsky, Daniel"]
[Black "Dubov, Daniil"]
[Result "1/2-1/2"]
[WhiteTitle "GM"]
[BlackTitle "GM"]
[WhiteElo "2617"]
[BlackElo "2708"]
[WhiteFideId "2026961"]
[BlackFideId "24126055"]
[EventDate "2022.11.13"]
[EventType "k.o."]

1. e4 e5 2. Nf3 Nc6 3. Bb5 a6 4. Ba4 Nf6 5. O-O b5 6. Bb3 Bc5 7. d3 d6 8. Nc3 h6
9. Nd5 Rb8 10. c3 O-O 11. Be3 Nxd5 12. Bxd5 Bxe3 13. fxe3 Ne7 14. Bb3 c5 15. Qe2
Qc7 16. Rf2 a5 17. a4 bxa4 18. Bxa4 Be6 19. Raf1 Rb6 20. c4 Rfb8 21. b3 f6 22.
Ra1 Bd7 23. Bxd7 Qxd7 24. Nd2 Nc6 25. h4 Rb4 26. Rff1 Qf7 27. Qg4 h5 28. Qh3 Kh7
29. Kh2 Ra8 30. Qf5+ Kg8 31. Rfb1 Rb7 32. Ra4 Nb4 33. Qf1 Nc6 34. Qf5 Rab8 35.
Rba1 g6 36. Qf1 Kg7 37. Qe2 Qe6 38. Rf1 Qg4 39. Qxg4 hxg4 40. Kg3 Rxb3 41. Nxb3
Rxb3 42. Rd1 Rb2 43. Kxg4 Rxg2+ 44. Kf3 Rb2 45. Rda1 Kh6 46. R4a2 Rb3 47. Ra3
Rb2 48. R3a2 Rb3 49. Ra3 Rb2 50. R3a2 1/2-1/2

[Event "chess.com SpeedChess Q2KO"]
[Site "chess.com INT"]
[Date "2022.11.13"]
[Round "1.4"]
[White "Xiong, Jeffery"]
[Black "Salem, A.R. Saleh"]
[Result "1/2-1/2"]
[WhiteTitle "GM"]
[BlackTitle "GM"]
[WhiteElo "2692"]
[BlackElo "2677"]
[WhiteFideId "2047640"]
[BlackFideId "9301348"]
[EventDate "2022.11.13"]
[EventType "k.o."]

1. d4 Nf6 2. Nf3 g6 3. Nbd2 Bg7 4. e4 d6 5. Bd3 O-O 6. O-O Nc6 7. c3 e5 8. dxe5
Nxe5 9. Nxe5 dxe5 10. Nc4 Nh5 11. g3 Qe7 12. Qe2 Rd8 13. Be3 a5 14. a4 Bh3 15.
Rfd1 Nf6 16. f3 Ne8 17. Bf2 Be6 18. Ne3 Nd6 19. b4 h5 20. Bc2 c6 21. Bd3 Bh6 22.
Nc2 axb4 23. cxb4 Bb3 24. a5 Nb5 25. Bc5 Qe6 26. Bxb5 cxb5 27. Rxd8+ Rxd8 28.
Ne3 h4 29. Ng4 Bg5 30. Qxb5 f5 31. exf5 gxf5 32. Nf2 Bd5 33. Qb6 Qf7 34. Rd1 Rd7
35. a6 bxa6 36. Qb8+ Kh7 37. Qxe5 Bxf3 38. Rxd7 Qxd7 39. Bd4 hxg3 40. hxg3 Kg6
41. Nh3 Bh6 42. Qf6+ Kh7 43. Qh8+ Kg6 44. Qf6+ Kh7 45. Kh2 Bg4 46. Qh8+ Kg6 47.
Qg8+ Kh5 48. Nf4+ Bxf4 49. gxf4 Qe7 50. Qh8+ Kg6 51. Qg8+ Kh5 52. Qh8+ Kg6 53.
Qg8+ Kh5 1/2-1/2

[Event "chess.com SpeedChess Q2KO"]
[Site "chess.com INT"]
[Date "2022.11.13"]
[Round "1.5"]
[White "Artemiev, Vladislav"]
[Black "Lazavik, Denis"]
[Result "1-0"]
[WhiteTitle "GM"]
[BlackTitle "IM"]
[WhiteElo "2701"]
[BlackElo "2529"]
[WhiteFideId "24101605"]
[BlackFideId "13515110"]
[EventDate "2022.11.13"]
[EventType "k.o."]

1. c4 Nf6 2. Nf3 e6 3. b3 d5 4. Bb2 Be7 5. g3 O-O 6. Bg2 c5 7. cxd5 Nxd5 8. Nc3
Nc6 9. O-O Bf6 10. Qc2 b6 11. Nxd5 exd5 12. d4 Nxd4 13. Nxd4 cxd4 14. Rad1 Re8
15. Bxd4 Bg4 16. Rfe1 Rc8 17. Qb2 Bxd4 18. Rxd4 Qf6 19. e3 Bf5 20. Qa1 Be4 21.
Rd2 Bxg2 22. Qxf6 gxf6 23. Kxg2 Rc5 24. Red1 Rd8 25. e4 d4 26. Rxd4 Rxd4 27.
Rxd4 Rc2 28. a4 Ra2 29. Kf3 Ra3 30. Rd3 Kg7 31. h4 h5 32. Kf4 Ra2 33. f3 Kg6 34.
g4 hxg4 35. fxg4 Rf2+ 36. Rf3 Rh2 37. h5+ Kg7 38. Kf5 Rh1 39. e5 fxe5 40. Kxe5
Re1+ 41. Kd5 Rg1 42. Rf4 Rg3 43. b4 Rc3 44. g5 Rg3 45. Rf5 Rc3 46. h6+ Kg8 47.
h7+ Kxh7 48. Rxf7+ Kg6 49. Rxa7 Kxg5 50. b5 Kf5 51. Ra6 Ra3 52. Kc6 1-0

[Event "chess.com SpeedChess Q2KO"]
[Site "chess.com INT"]
[Date "2022.11.13"]
[Round "1.5"]
[White "Dubov, Daniil"]
[Black "Naroditsky, Daniel"]
[Result "0-1"]
[WhiteTitle "GM"]
[BlackTitle "GM"]
[WhiteElo "2708"]
[BlackElo "2617"]
[WhiteFideId "24126055"]
[BlackFideId "2026961"]
[EventDate "2022.11.13"]
[EventType "k.o."]

1. d4 Nf6 2. Nf3 g6 3. c4 Bg7 4. Nc3 O-O 5. Bg5 d6 6. e3 Bf5 7. Bd3 Bxd3 8. Qxd3
Nbd7 9. O-O c6 10. Rac1 a6 11. Rfd1 b5 12. e4 h6 13. Bxf6 Nxf6 14. e5 dxe5 15.
Nxe5 Rc8 16. Qf3 Qd6 17. c5 Qc7 18. Rd3 e6 19. Rcd1 Rfd8 20. h4 h5 21. a3 Nd5
22. Qg3 Nxc3 23. bxc3 Bxe5 24. dxe5 Rd5 25. f4 Rcd8 26. Kh2 Qe7 27. Rxd5 cxd5
28. Rd4 Qxc5 29. f5 exf5 30. e6 Qd6 31. Qxd6 Rxd6 32. e7 Re6 33. Rxd5 Rxe7 34.
a4 bxa4 35. Ra5 Re4 36. g3 f4 37. gxf4 Rxf4 38. Kg3 Rc4 39. Rxa6 Rxc3+ 40. Kf4
a3 41. Kg5 Kg7 42. Rb6 Rg3+ 43. Kf4 Rg4+ 44. Kf3 Rxh4 0-1

[Event "chess.com SpeedChess Q2KO"]
[Site "chess.com INT"]
[Date "2022.11.13"]
[Round "1.5"]
[White "Duda, Jan-Krzysztof"]
[Black "Grischuk, Alexander"]
[Result "1/2-1/2"]
[WhiteTitle "GM"]
[BlackTitle "GM"]
[WhiteElo "2731"]
[BlackElo "2745"]
[WhiteFideId "1170546"]
[BlackFideId "4126025"]
[EventDate "2022.11.13"]
[EventType "k.o."]

1. e4 e5 2. Nf3 Nc6 3. Bb5 Nf6 4. d3 Bc5 5. Bxc6 dxc6 6. Nbd2 Nd7 7. Nc4 f6 8.
c3 Nb6 9. Na5 O-O 10. b4 Be7 11. Be3 Rb8 12. h3 Be6 13. O-O Qc8 14. a4 Rd8 15.
Qe2 Bf7 16. Nh4 Bf8 17. Rfd1 Qe6 18. Kh2 Nc8 19. g3 b6 20. Nc4 Nd6 21. Nd2 Nb7
22. f4 a5 23. bxa5 Nxa5 24. Ndf3 exf4 25. gxf4 c5 26. e5 Bh5 27. d4 cxd4 28.
cxd4 fxe5 29. fxe5 Be7 30. Rg1 Bxh4 31. Qg2 Qg6 32. Qxg6 hxg6 33. Nxh4 Nc4 34.
Bf2 Rf8 35. Ra2 Kh7 36. Rc1 Na5 37. Rxc7 g5 38. Ng2 Bf3 39. Be3 Bd5 40. Rac2 Rf5
41. Rd7 Be4 42. Rf2 Rxf2 43. Bxf2 Rf8 44. Be3 Nc4 45. e6 Bxg2 46. e7 Re8 47.
Bxg5 Bc6 48. Rd8 Bxa4 49. d5 Ne5 50. d6 Nf7 51. Bh4 Nxd8 52. exd8=Q Rxd8 53.
Bxd8 Bd7 54. Bxb6 g5 55. Kg3 Kg6 56. Bd8 Kh5 57. Be7 Kg6 58. Kg2 Kh5 59. Kh2 Kg6
60. Kg3 Kh5 61. h4 gxh4+ 62. Bxh4 Kg6 63. Be7 Kf7 64. Bh4 Ke6 65. Bg5 Kxd6 1/2-1/2

[Event "chess.com SpeedChess Q2KO"]
[Site "chess.com INT"]
[Date "2022.11.13"]
[Round "1.5"]
[White "Salem, A.R. Saleh"]
[Black "Xiong, Jeffery"]
[Result "0-1"]
[WhiteTitle "GM"]
[BlackTitle "GM"]
[WhiteElo "2677"]
[BlackElo "2692"]
[WhiteFideId "9301348"]
[BlackFideId "2047640"]
[EventDate "2022.11.13"]
[EventType "k.o."]

1. d4 d5 2. c4 dxc4 3. e4 e5 4. Nf3 Bb4+ 5. Nbd2 c3 6. bxc3 Bxc3 7. Rb1 exd4 8.
Bc4 Nf6 9. O-O O-O 10. e5 Nd5 11. Ne4 Nb6 12. Bd3 Bg4 13. Bg5 f6 14. exf6 gxf6
15. Bh6 Re8 16. h3 Bh5 17. Rb5 Bg6 18. Nh4 f5 19. Ng5 Qf6 20. Nxg6 hxg6 21. Qb3+
Kh8 22. Nf7+ Kh7 23. Bf4 Nc6 24. Ng5+ Kg7 25. h4 Re7 26. g3 Rh8 27. Rc5 Nd7 28.
Rb5 Nde5 0-1